The Japanese edge : The real stories behind a sogo shasha - one of Japan's unique new class of global corporations

保存先:
書誌詳細
団体著者: Marubeni Corporation
フォーマット: 図書
言語:Undetermined
出版事項: Tokyo Marubeni Corporation 1981
主題:
タグ: タグ追加
タグなし, このレコードへの初めてのタグを付けませんか!
Thư viện lưu trữ: Trung tâm Học liệu Trường Đại học Cần Thơ
LEADER 00614nam a2200205Ia 4500
001 CTU_89859
008 210402s9999 xx 000 0 und d
082 |a 338.8 
082 |b M389 
110 |a Marubeni Corporation 
245 4 |a The Japanese edge : 
245 4 |b The real stories behind a sogo shasha - one of Japan's unique new class of global corporations 
245 0 |c Marubeni Corporation 
260 |a Tokyo 
260 |b Marubeni Corporation 
260 |c 1981 
650 |a Conglomerate corporations 
650 |z Japan 
904 |i Giang 
980 |a Trung tâm Học liệu Trường Đại học Cần Thơ